[Event "GRE-ch U18"]
[Site "Nikaia"]
[Date "2012.01.06"]
[Round "6"]
[White "Deonas, Pavlos"]
[Black "Vozikis, Antonios"]
[Result "0-1"]
[WhiteElo "1349"]
[BlackElo "1680"]
[PlyCount "48"]
[EventDate "2012.01.03"]
[EventType "swiss"]
[EventRounds "9"]
[EventCountry "GRE"]
[SourceTitle "CBM 146 Extra"]
[Source "ChessBase"]
[SourceDate "2012.02.29"]
[SourceVersion "1"]
[SourceVersionDate "2012.02.29"]
[SourceQuality "1"]

1. e4 c5 2. Nf3 d6 3. d4 cxd4 4. Nxd4 Nf6 5. Nc3 g6 6. Be3 Nc6 7. Qd2 Ng4 8. Bb5 Bd7 9. 0-0-0 Nxe3 10. Qxe3 Bg7 11. Bxc6 bxc6 12. f3 0-0 13. g4 Rb8 14. Nb3 c5 15. Qe2 a5 16. Qc4 a4 17. Nd2 Qa5 18. Ndb1 Rb4 19. Qd3 Be6 20. a3 Rb7 21. Nd2 Rfb8 22. Nc4 Bxc4 23. Qxc4 Rxb2 24. Kd2 R8b3 0-1

[Event "GRE-ch U18"]
[Site "Nikaia"]
[Date "2012.01.06"]
[Round "5"]
[White "Gkikas, Vasilios"]
[Black "Deonas, Pavlos"]
[Result "1/2-1/2"]
[WhiteElo "1557"]
[BlackElo "1349"]
[PlyCount "48"]
[EventDate "2012.01.03"]
[EventType "swiss"]
[EventRounds "9"]
[EventCountry "GRE"]
[SourceTitle "CBM 146 Extra"]
[Source "ChessBase"]
[SourceDate "2012.02.29"]
[SourceVersion "1"]
[SourceVersionDate "2012.02.29"]
[SourceQuality "1"]

1. e4 e5 2. Nf3 Nc6 3. Bc4 Bc5 4. c3 Nf6 5. d3 d6 6. Nbd2 0-0 7. Nf1 Ne7 8. Be3 Bxe3 9. Nxe3 Ng6 10. g3 c6 11. Qb3 h6 12. a4 Qc7 13. Nd2 Re8 14. f3 Be6 15. 0-0-0 a6 16. h4 h5 17. Bxe6 fxe6 18. g4 b5 19. Rdg1 Nf4 20. Kc2 Ne2 21. Rg2 Nf4 22. Rgg1 Ne2 23. Re1 Nf4 24. Rhg1 Kf8 1/2-1/2

[Event "GRE-ch U18"]
[Site "Nikaia"]
[Date "2012.01.04"]
[Round "3"]
[White "Karakatsanis, Nikolaos"]
[Black "Deonas, Pavlos"]
[Result "1-0"]
[WhiteElo "1520"]
[BlackElo "1349"]
[PlyCount "25"]
[EventDate "2012.01.03"]
[EventType "swiss"]
[EventRounds "9"]
[EventCountry "GRE"]
[SourceTitle "CBM 146 Extra"]
[Source "ChessBase"]
[SourceDate "2012.02.29"]
[SourceVersion "1"]
[SourceVersionDate "2012.02.29"]
[SourceQuality "1"]

1. e4 e5 2. Nf3 Nc6 3. Bc4 Bc5 4. d3 Nf6 5. c3 d6 6. Nbd2 0-0 7. Nf1 Bg4 8. h3 Bxf3 9. Qxf3 h6 10. Ng3 Ne7 11. Bxh6 gxh6 12. Qxf6 Ng6 13. Qxg6+ 1-0